Manoroma Year Book / (Record no. 4483)

000 -LEADER
fixed length control field 00337nam a2200133 4500
008 - FIXED-LENGTH DATA ELEMENTS--GENERAL INFORMATION
fixed length control field 200806b ||||| |||| 00| 0 eng d
082 00 - DEWEY DECIMAL CLASSIFICATION NUMBER
Classification number 052
Item number M2395
110 ## - MAIN ENTRY--CORPORATE NAME
9 (RLIN) 3578
Corporate name or jurisdiction name as entry element Malayala Manoroma
245 10 - TITLE STATEMENT
Title Manoroma Year Book /
260 ## - PUBLICATION, DISTRIBUTION, ETC. (IMPRINT)
Place of publication, distribution, etc Kottayam:
Name of publisher, distributor, etc Malayala Manoroma,
Date of publication, distribution, etc 1994.
300 ## - PHYSICAL DESCRIPTION
Extent 800 p.
650 #0 - SUBJECT ADDED ENTRY--TOPICAL TERM
Topical term or geographic name as entry element Yearbook
942 ## - ADDED ENTRY ELEMENTS (KOHA)
Source of classification or shelving scheme
Item type Books
Holdings
Withdrawn status Lost status Source of classification or shelving scheme Damaged status Not for loan Permanent location Current location Date acquired Full call number Barcode Date last seen Koha item type
          IMU Kolkata IMU Kolkata 2020-08-06 052 M2395 08086 2020-08-06 Books
Designed and Maintained by IMU-KC Library, Kolkata Campus © Copyright All Rights Reserved

webs counters

Powered by Koha